« Retourner aux résultats de recherche
lignée (La)
roman
| Auteur principal: | Aurélie Valognes Auteur du texte |
|---|---|
| Support: | Livres |
| Langue: | Francais |
| Publié: |
DL 2024 Fayard Paris |
| Genre: |
Roman |
| Sujets: | |
| Étiquettes: |
Ajouter
Pas de Tags !
|
| LEADER | 01611nam0a2200193 450 | ||
|---|---|---|---|
| 001 | 16844290 | ||
| 010 | |a 978-2-213-72056-2 |b br. |d 21,9 | ||
| 100 | |a 20240308d2026 u u0frey01 ba | ||
| 101 | 0 | |a fre | |
| 102 | |a FR | ||
| 200 | 0 | |a lignée (La) |e roman |f Aurélie Valognes | |
| 207 | 1 | |a | |
| 210 | |a Paris |b 75 rue des Saints Pères. |c Fayard |d DL 2024 | ||
| 215 | |a 1 vol. (354 p.) |d 22 cm | ||
| 330 | |a Louise et Madeleine. Deux écrivaines, deux générations. L'une écrit pour fuguer, l'autre fugue pour écrire. L'une débute dans l'écriture, l'autre n'écrit plus. A travers une correspondance intime, elles partagent leurs doutes face à la création et à leurs vies de femmes artistes, d'épouses et de mères. Etre prête à décevoir, à déplaire, à oser dire ce que l'on pense et à faire ce qui doit être fait pour devenir [xe2][x80][x93] au-delà des injonctions, de la culpabilité, des injustices sociales et de genre [xe2][x80][x93] la personne que l'on devait être.Une ode à la transmission, à la nature et à la liberté qui pose la question brûlante : quand on a pris certains chemins dans la vie [xe2][x80][x93] travail, mariage, enfants [xe2][x80][x93], a-t-on encore le droit d'être soi ? A travers cette amitié épistolaire, qui nous plonge dans les abîmes de la création et dans la solitude de la vie d'écrivain, Aurélie Valognes nous livre son roman le plus intime | ||
| 700 | 0 | |a Valognes |b Aurélie |c Auteur du texte |f 1983?-.... |4 70 | |
| 900 | |a Roman | ||
| 901 | |a Accessible au prêt | ||
| 995 | |a Bibliothèque |c Bibliothèque |f 024024391 |h 024024391 |k R VAL |o p |q a |r az |e Bibliothèque | ||
